Devinez le Département Mystère #79 - Statistiques

Statistiques générales
  • Ce quiz a été pris 160 fois
  • Le résultat moyen est 31 sur 36
Statistiques - réponses
Type de Réponse Réponse % Correct
Lettre Trouvée E
100%
Lettre de l'Alphabet O
100%
Lettre Trouvée R
100%
Lettre de l'Alphabet A
99%
Lettre Trouvée I
99%
Lettre de l'Alphabet L
99%
Lettre Trouvée N
99%
Lettre Trouvée S
98%
Lettre de l'Alphabet U
98%
Lettre Trouvée T
97%
Lettre de l'Alphabet D
95%
Lettre de l'Alphabet M
95%
Lettre de l'Alphabet H
92%
Lettre de l'Alphabet C
91%
Lettre de l'Alphabet V
91%
Lettre de l'Alphabet Y
88%
Lettre de l'Alphabet P
87%
Lettre de l'Alphabet G
86%
Lettre de l'Alphabet B
84%
Lettre de l'Alphabet Q
84%
Lettre de l'Alphabet Z
77%
Lettre de l'Alphabet J
76%
Lettre de l'Alphabet X
74%
Lettre Bien Placée È
72%
Lettre Bien Placée E
72%
Lettre Bien Placée F
72%
Lettre Trouvée F
72%
Département Mystère Finistère
72%
Lettre Bien Placée I
72%
Lettre Bien Placée I
72%
Lettre de l'Alphabet K
72%
Lettre Bien Placée N
72%
Lettre Bien Placée R
72%
Lettre Bien Placée S
72%
Lettre Bien Placée T
72%
Lettre de l'Alphabet W
72%
Aucun quiz correspondant
Distribution des résultats
% des personnes avec chaque résultat
Percentile par nombre de réponses
Votre historique - résultats
Vous n’avez pas pris ce quiz